Missing Word: Harry Potter Chapters (A-Z) Quiz Stats

 Plays Quiz Updated Jan 14, 2018

Challenge
Share
Tweet
Embed
Score 0/25 Timer 03:00
0 Plays Today
Hint Answer % Correct
_____ AlleyDiagon
92.7%
The _____ of FireGoblet
89.6%
Gilderoy _____Lockhart
87.2%
Dumbledore's _____Army
84%
The _____ BusKnight
83.4%
_____ SlughornHorace
80.4%
Norbert the _____ RidgebackNorwegian
77.3%
The _____ BallYule
77.1%
The _____ FinalQuidditch
67.7%
The _____ CursesUnforgivable
67.5%
Slug _____Club
67.4%
The Hogwarts High _____Inquisitor
65.8%
The _____ from Platform Nine and Three-QuartersJourney
65.7%
Hint Answer % Correct
Spinner's _____End
65.4%
Mayhem at the _____Ministry
65.1%
_____ LovegoodXenophilius
64.8%
The _____ in the PlanFlaw
61.4%
The _____ Secret DiaryVery
57%
The _____ PottersSeven
55.8%
Snape's _____ MemoryWorst
52.4%
A Peck of _____Owls
48.5%
_____ SurprisesBirthday
40.6%
Through the _____Trapdoor
27.8%
_____ and PadfootPercy
26.2%
Lord Voldemort's _____Request
21.9%

Today's Daily Dose

You're not logged in!

Compare scores with friends on all Sporcle quizzes.
Join for Free
OR
Log In

You Might Also Like...

Show Comments

Extras

Top Quizzes Today


Score Distribution

Your Account Isn't Verified!

In order to create a playlist on Sporcle, you need to verify the email address you used during registration. Go to your Sporcle Settings to finish the process.

Report this User

Report this user for behavior that violates our Community Guidelines.

Details: